| LEADER | 01503nam a2200241 4500 | ||
|---|---|---|---|
| 082 | |a 782.509597 |b Đ108NG | ||
| 100 | |a Đào Ngọc Dung | ||
| 245 | |a Những bài tập hát tập thể đồng ca hợp xướng |c Đào Ngọc Dung | ||
| 260 | |a H. |b Trường CĐSP nhạc họa TW |c 2007 | ||
| 300 | |a 81 tr. |c 27 cm | ||
| 520 | |a v.v... | ||
| 653 | |a Âm nhạc | ||
| 653 | |a Hát tập thể | ||
| 653 | |a Đồng ca | ||
| 653 | |a Hợp xướng | ||
| 653 | |a Việt Nam | ||
| 942 | |2 ddc |c STK0 | ||
| 999 | |c 2024 |d 2024 | ||
| 952 | |0 0 |1 0 |2 ddc |4 0 |6 782_509597000000000_Đ108NG |7 1 |8 700 |9 29920 |a qbu |b qbu |c D5 |d 2014-12-12 |g 25000 |o 782.509597 Đ108NG |p 5089.c1 |r 0000-00-00 |w 2014-12-12 |y STK0 |0 0 |6 782_509597000000000_Đ108NG | ||
| 952 | |0 0 |1 0 |2 ddc |4 0 |6 782_509597000000000_Đ108NG |7 0 |8 700 |9 29921 |a qbu |b qbu |c D5 |d 2014-12-12 |g 25000 |o 782.509597 Đ108NG |p 5089.c2 |r 0000-00-00 |w 2014-12-12 |y STK0 |0 0 |6 782_509597000000000_Đ108NG | ||
| 952 | |0 0 |1 0 |2 ddc |4 0 |6 782_509597000000000_Đ108NG |7 0 |8 700 |9 29922 |a qbu |b qbu |c D5 |d 2014-12-12 |g 25000 |l 1 |o 782.509597 Đ108NG |p 5089.c3 |r 2016-04-14 |s 2016-04-05 |w 2014-12-12 |y STK0 |0 0 |6 782_509597000000000_Đ108NG | ||
| 952 | |0 0 |1 0 |2 ddc |4 0 |6 782_509597000000000_Đ108NG |7 0 |8 700 |9 29923 |a qbu |b qbu |c D5 |d 2014-12-12 |g 25000 |o 782.509597 Đ108NG |p 5089.c4 |r 0000-00-00 |w 2014-12-12 |y STK0 |0 0 |6 782_509597000000000_Đ108NG | ||
| 952 | |0 0 |1 0 |2 ddc |4 0 |6 782_509597000000000_Đ108NG |7 0 |8 700 |9 107903 |a qbu |b qbu |c D5 |d 2016-09-30 |g 25000 |o 782.509597 Đ108NG |p 5089.c5 |r 0000-00-00 |w 2016-09-30 |y STK0 |0 0 |6 782_509597000000000_Đ108NG | ||